000 00274nam a2200109Ia 4500
008 190902s9999||||xx |||||||||||||| ||und||
100 _aProf. Dr. Khawaja Amjad Saeed
245 0 _aPrinciples of Auditing 2012
260 _aIndia
_bS. Chand
_c2012
300 _a423
942 _cBK
999 _c2660
_d2660